| 000 | 00373cam a2200157ua 4500 | ||
|---|---|---|---|
| 041 |
_aeng _h |
||
| 082 |
_a823.09 _bMUL/CL |
||
| 100 | _aMallik, B R. | ||
| 245 |
_aClassical literature / _cB R Mallik. _hTextual Documents |
||
| 250 |
_a2 / _b. |
||
| 260 |
_aNew Delhi : _bS.Chand and Co , _c1963. |
||
| 300 | _a124 ; . | ||
| 504 | _a | ||
| 942 | _cBK | ||
| 999 |
_c2506 _d2506 |
||